000 00760nam a22001937a 4500
001 BD-DhSAU 10026
003 BD-DhSAU
005 20200203121537.0
008 150625b1985 bg ||||| |||| 00| 0 ben d
040 _aBD-DhSAU
082 _222
_a928.9144
_bখানমু
245 _aডক্টর মুহম্মদ শহীদুল্লাহ স্মারকগ্রন্থ /
_cসম্পাদক শামসুজ্জামান খান
260 _aঢাকা :
_bবাংলা একাডেমী,
_c১৯৮৫.
300 _a৬১৪ পৃ.:
_c২১ সেমি।
590 _aerfat
650 _aস্মারকগ্রন্থ
700 _aখান, শামসুজ্জামান
942 _2ddc
_cBOOK
999 _c14975
_d14974